Normal view
MARC view
Entry Personal Name
001 - CONTROL NUMBER
- control field: 14568
003 - CONTROL NUMBER IDENTIFIER
- control field: BD-RjUL
005 - DATE AND TIME OF LATEST TRANSACTION
- control field: 20241204123951.0
008 - FIXED-LENGTH DATA ELEMENTS
- fixed length control field: 241204|| aca||aabn | a|a d
040 ## - CATALOGING SOURCE
- Original cataloging agency: BD-RjUL
- Transcribing agency: BD-RjUL
100 ## - HEADING--PERSONAL NAME
- Personal name: Babur, Emperor of Hindustan, 1483-1530 Empire moghol Histoire
- Titles and other words associated with a name: Emperor of Hindustan, 1483-1530
670 ## - SOURCE DATA FOUND
- Source citation: Work cat.: (BD-RjUL)84440: habibur Rahman , muhammad 14567, محمد ظهىر الدىن بابر شاه غازي كي سوى عمري ;; Muhammad Zahiruddin Babur Shah Ghazi Ki Sua Omari /